Revisiting retail globalization (Record no. 109176)
[ view plain ]
| 000 -LEADER | |
|---|---|
| fixed length control field | 01107cad a22002055a 4500 |
| 001 - CONTROL NUMBER | |
| control field | L146453 |
| 008 - FIXED-LENGTH DATA ELEMENTS--GENERAL INFORMATION | |
| fixed length control field | 090122s2008 xxk f 000 0 eng d |
| 035 ## - SYSTEM CONTROL NUMBER | |
| System control number | (Sirsi) u146453 |
| 041 0# - LANGUAGE CODE | |
| Language code of text/sound track or separate title | eng |
| 050 04 - LIBRARY OF CONGRESS CALL NUMBER | |
| Classification number | 333.33 $2 18 |
| 110 2# - MAIN ENTRY--CORPORATE NAME | |
| Corporate name or jurisdiction name as entry element | Deloitte |
| 9 (RLIN) | 5633 |
| 245 00 - TITLE STATEMENT | |
| Title | Revisiting retail globalization |
| Medium | [electronic resource] |
| 260 ## - PUBLICATION, DISTRIBUTION, ETC. | |
| Place of publication, distribution, etc. | London |
| Name of publisher, distributor, etc. | Deloitte |
| Date of publication, distribution, etc. | 2008 |
| 520 ## - SUMMARY, ETC. | |
| Summary, etc. | In light of the world economic downturn, offers advice to retailers interested in being global companies on learning from the many failures of retail companies to expand worldwide. Considers why so many retailers have failed outside their home markets and identifies good practice. Concludes that the economic downturn means that many companies will have to go global to survive and thrive and that the challenge for retailers is to find the right formula for how to do this. |
| 590 ## - LOCAL NOTE (RLIN) | |
| Local note | KA |
| 651 #4 - SUBJECT ADDED ENTRY--GEOGRAPHIC NAME | |
| Geographic name | International |
| 690 ## - LOCAL SUBJECT ADDED ENTRY--TOPICAL TERM (OCLC, RLIN) | |
| Topical term or geographic name as entry element | PROPERTY-COMMERCIAL PROPERTY-COMMERCIAL PROPERTY MARKET |
| 856 40 - ELECTRONIC LOCATION AND ACCESS | |
| Uniform Resource Identifier | <a href="https://www.deloitte.com/dtt/article/0,1002,cid%253D239882,00.html/">https://www.deloitte.com/dtt/article/0,1002,cid%253D239882,00.html/</a> |
| Public note | View the report at www.deloitte.com... |
| 942 ## - ADDED ENTRY ELEMENTS (KOHA) | |
| Suppress in OPAC | 0 |
| Withdrawn status | Lost status | Source of classification or shelving scheme | Damaged status | Not for loan | Home library | Current library | Shelving location | Date acquired | Total Checkouts | Full call number | Barcode | Date last seen | Copy number | Price effective from | Koha item type |
|---|---|---|---|---|---|---|---|---|---|---|---|---|---|---|---|
| Dewey Decimal Classification | Virtual | Virtual | Online | 22/01/2009 | ONLINE PUBLICATION | 146453-1001 | 06/08/2019 | 1 | 06/08/2019 | Book |